Một số vấn đề về đổi mới đánh giá kết quả học tập môn tiếng Việt ở Tiểu học
Saved in:
| Main Author: | |
|---|---|
| Format: | Book |
| Language: | Undetermined |
| Published: |
Hà Nội
Giáo dục
2003
|
| Subjects: | |
| Tags: |
Add Tag
No Tags, Be the first to tag this record!
|
| Institutions: | Trung tâm Học liệu Trường Đại học Cần Thơ |
|---|
| LEADER | 00685nam a2200205Ia 4500 | ||
|---|---|---|---|
| 001 | CTU_60622 | ||
| 008 | 210402s9999 xx 000 0 und d | ||
| 020 | |c 7000 | ||
| 082 | |a 495.922071 | ||
| 082 | |b H107 | ||
| 100 | |a Nguyễn, Thị Hạnh | ||
| 245 | 0 | |a Một số vấn đề về đổi mới đánh giá kết quả học tập môn tiếng Việt ở Tiểu học | |
| 245 | 0 | |c Nguyễn Thị Hạnh | |
| 260 | |a Hà Nội | ||
| 260 | |b Giáo dục | ||
| 260 | |c 2003 | ||
| 650 | |a Vietnamese language | ||
| 650 | |x Study and teaching ( elementary ) | ||
| 904 | |i Minh,Hải | ||
| 980 | |a Trung tâm Học liệu Trường Đại học Cần Thơ | ||